|
|
|
|
| LEADER |
00000cam a2200000 7i4500 |
| 001 |
0000003400 |
| 005 |
20051216.0 |
| 020 |
0 |
0 |
|a 9678916290
|
| 090 |
0 |
0 |
|a 346.04675595
|b AKT (2005)
|
| 245 |
0 |
0 |
|a AKTA Perhutanan Negara 1984 (Akta 313) & National Forestry Act 1984 (Act 313)
|
| 260 |
0 |
0 |
|a Kuala Lumpyr :
|b International Law Book Services ,
|c (2001)
|
| 300 |
|
|
|a 190 p. ;
|c 24 cm.
|
| 440 |
0 |
0 |
|a Undang-undang Malaysia
|
| 650 |
0 |
0 |
|a Forestry law and legislation
|z Malaysia
|
| 710 |
1 |
1 |
|a MALAYSIA ,
|c Jabatan Perhutanan Semenanjung Malaysia
|
| 998 |
|
|
|a JPSM
|
| 999 |
|
|
|a 0000006395
|b Monograph
|c Acts
|e Default branch
|
| 999 |
|
|
|a 0000006396
|b Monograph
|c Acts
|e Default branch
|
| 999 |
|
|
|a 0000006397
|b Monograph
|c Acts
|e Default branch
|
| 999 |
|
|
|a 0000006398
|b Monograph
|c Acts
|e Default branch
|
| 999 |
|
|
|a 0000006399
|b Monograph
|c Acts
|e Default branch
|